000 00471cam a2200193ua 4500
001 10454
008 190225n ii |||gr||||Z||||||eng
020 _a9788131606278
040 _cMAIN
041 _aeng
082 _a361.954
100 _aRam Ahuja,
_eAuthor.
245 _aSocial problems in India
250 _a3rd ed.
260 _aJaipur:
_bRawat publications,
_c2016.
300 _a576p.
653 _aSocial problems & social welfare in general
942 _cBK
999 _c9440
_d9440